Naples SSC - Tous les joueurs (2010-2020) - Statistiques

Statistiques générales
  • Ce quiz a été pris 262 fois
  • Le résultat moyen est 26 sur 101
Statistiques - réponses
Saisons Nationalité Joueur Nb de matchs % Correct
2013-2020 Belgique Dries Mertens 236
96%
2014-2020 Sénégal Kalidou Koulibaly 183
94%
2010-2019 Slovaquie Marek Hamsik 302
93%
2012-2020 Italie Lorenzo Insigne 269
90%
2013-2020 Espagne José Callejon 255
78%
2017-2020 Portugal Mario Rui 69
76%
2016-2020 Pologne Piotr Zielinski 145
76%
2013-2020 Algérie Faouzi Ghoulam 135
74%
2010-2013 Uruguay Edinson Cavani 104
73%
2013-2014, 2015-2018 Espagne Pepe Reina 141
67%
2015-2020 Albanie Elseid Hysaj 155
65%
2019-2020 Mexique Hirving Lozano 26
65%
2018-2020 Espagne Fabian Ruiz 60
63%
2018-2020 Colombie David Ospina 34
61%
2019-2020 Grèce Kostas Manolas 26
61%
2013-2016 Argentine Gonzalo Higuain 104
60%
2018-2020 Italie Alex Meret 36
59%
2016-2020 Pologne Arkadiusz Milik 93
58%
2010-2012 Argentine Ezequiel Lavezzi 61
58%
2015-2020 Brésil Allan 168
57%
2013-2019 Espagne Raul Albiol 180
56%
2011-2014 Macédoine du Nord Goran Pandev 92
52%
2017-2019 Algérie Adam Ounas 25
50%
2019-2020 Italie Giovanni Di Lorenzo 33
50%
2010-2011 Espagne Victor Ruiz 6
48%
2019-2020 Macédoine du Nord Eljif Elmas 26
47%
2018-2020 France Kévin Malcuit 28
44%
2013-2018 Italie Jorginho 133
43%
2019-2020 Slovaquie Stanislav Lobotka 14
41%
2011-2015 Suisse Gökhan Inler 118
40%
2019-2020 Italie Matteo Politano 15
37%
2019-2020 Allemagne Diego Demme 15
33%
2013-2015 Colombie Duvan Zapata 37
33%
2010-2018 Italie Christian Maggio 176
31%
2016-2019 Guinée Amadou Diawara 49
29%
2012-2014 Suisse Valon Behrami 54
28%
2010-2015 Colombie Juan Camilo Zuniga 103
23%
2010-2014 Italie Paolo Cannavaro 100
23%
2016-2020 Serbie Nikola Maksimovic 49
22%
2015-2019 Roumanie Vlad Chiriches 32
22%
2011-2014 Suisse Blerim Dzemaili 86
21%
2019-2020 Espagne Fernando Llorente 17
19%
2010-2013 Italie Morgan De Sanctis 109
19%
2016-2019 Croatie Marko Rog 52
16%
2018-2020 Allemagne Amin Younes 21
15%
2014-2016 Espagne David Lopez 57
15%
2011-2013 Chili Eduardo Vargas 19
14%
2010-2013 Argentine Hugo Campagnaro 90
13%
2018-2019 Grèce Orestis Karnezis 9
12%
2010-2012, 2014-2015 Uruguay Walter Gargano 93
12%
2012-2014 Colombie Pablo Armero 29
11%
2013-2014 France Anthony Réveillère 13
10%
2011-2014 Argentine Federico Fernandez 44
10%
2014-2017 Croatie Ivan Strinic 26
10%
2016-2018 Italie Lorenzo Tonelli 7
10%
2014-2017 Italie Manolo Gabbiadini 56
10%
2012-2013, 2015-2017 Maroc Omar El Kaddouri 32
9%
2018-2019 Italie Simone Verdi 22
9%
2016-2018 Italie Emanuele Giaccherini 20
8%
2014-2015 Pays-Bas Jonathan de Guzman 23
8%
2010-2013 Italie Andrea Dossena 73
6%
2012-2015 Italie Giandomenico Mesto 34
6%
2013-2015, 2016-2017 Brésil Rafael Cabral 32
6%
2010-2013 Italie Salvatore Aronica 62
6%
2014-2015, 2018-2020 Italie Sebastiano Luperto 22
6%
2013-2015 Brésil Henrique 22
5%
2017-2018 Italie Luigi Sepe 1
5%
2014-2015 Espagne Michu 3
5%
2011-2015 Uruguay Miguel Britos 66
5%
2015-2016 Angleterre Nathaniel Chalobah 5
5%
2012-2013 Italie Alessandro Gamberini 25
4%
2018-2019 Italie Gianluca Gaetano 2
4%
2010-2011 Algérie Hassan Yebda 29
4%
2014-2015 Argentine Mariano Andujar 15
4%
2012-2013 Italie Emanuele Calaio 6
3%
2015-2016 Brésil Gabriel 1
3%
2010-2013 Italie Giuseppe Grava 21
3%
2010-2012 Italie Giuseppe Mascara 21
3%
2010-2011 Argentine José Sosa 24
3%
2013-2014 Croatie Josip Radosevic 8
3%
2016-2017 Italie Leonardo Pavoletti 6
3%
2012-2013 Italie Marco Donadel 4
3%
2015-2017 Italie Mirko Valdifiori 7
3%
2013-2014 Brésil Bruno Uvini 1
2%
2010-2012 Italie Cristiano Lucarelli 12
2%
2010-2011 Brésil Emilson Cribari 9
2%
2010-2011 Italie Fabiano Santacroce 11
2%
2013-2014 Pologne Igor Lasicki 1
2%
2010-2011 Italie Manuele Blasi 2
2%
2010-2011 Italie Raffaele Maiello 3
2%
2013-2014 Italie Roberto Colombo 1
2%
2012-2013 Portugal Rolando 7
2%
2013-2014 Espagne Toni Doblas 2
2%
2011-2013 Italie Antonio Rosati 5
1%
2013-2014 Italie Davide Bariti 2
1%
2011-2012 Argentine Ignacio Fideleff 4
1%
2010-2011 Italie Luigi Vitale 6
1%
2010-2011 Italie Michele Pazienza 31
1%
2015-2016 Italie Vasco Regini 1
1%
2011-2012 Italie Massimiliano Ammendola 1
0%
2010-2011 Italie Nicolao Dumitru 9
0%
Aucun quiz correspondant
Distribution des résultats
% des personnes avec chaque résultat
Percentile par nombre de réponses
Votre historique - résultats
Vous n’avez pas pris ce quiz